Byene/Tettstedene i Telemark over 2,000 innbyggere - Statistics

General Stats
  • This quiz has been taken 34 times
  • The average score is 4 of 6
Answer Stats
Befolkning By % Correct
92,753 Porsgrunn / Skien
96%
9,077 Notodden
89%
3,285
86%
5,445 Kragerø
79%
3,247 Rjukan
68%
2,275 Ulefoss
18%
No matching quizzes found
Score Distribution
Percent of People with Each Score
Percentile by Number Answered
Your Score History
You have not taken this quiz